Evropská unie - globální mocnost

Úsilie európských politikov pri tvorbe novej geopolitickej osi - USA, Čína a Európska únia. Aktuálna politika medzi EÚ, Čínou a Ruskom. Predpokladaná, budúca úloha USA v európských bezpečnostných záležitostiach.

Na minha lista:
Detalhes bibliográficos
Autor principal: Drábek, Jaroslav
Formato: Capítulo de Livro
Idioma:tcheco
Assuntos:
Tags: Adicionar Tag
Sem tags, seja o primeiro a adicionar uma tag!

MARC

LEADER 00000nla a2200000 4500
001 0174589
005 20221020083947.1
041 0 |a cze 
044 |a CZ 
245 1 0 |a Evropská unie - globální mocnost  |c Jaroslav Drábek 
520 |a Úsilie európských politikov pri tvorbe novej geopolitickej osi - USA, Čína a Európska únia. Aktuálna politika medzi EÚ, Čínou a Ruskom. Predpokladaná, budúca úloha USA v európských bezpečnostných záležitostiach. 
610 2 0 |a USA 
610 2 0 |a Čína 
610 2 0 |a Európska únia 
610 2 0 |a vzťahy hospodárske medzinárodné 
610 2 0 |a nový ekonomický poriadok 
610 2 0 |a bezpečnosť ekonomická 
100 1 |a Drábek, Jaroslav